| 000 | 00660nam a2200229 a 4500 | ||
|---|---|---|---|
| 005 | 20140310183457.0 | ||
| 008 | 091116s19uu xx 00 eng d | ||
| 020 | _a9780205482917 | ||
| 050 |
_aHD 66 _b.C344 2007 |
||
| 100 | _aCannon, Mark D. | ||
| 245 |
_aEffective groups : _bconcepts and skills to meet leadership challenges / _cMark D. Cannon |
||
| 260 |
_aBoston : _bPearson, _c2007. |
||
| 300 |
_a278 p. : _bill. ; _c24 cm. |
||
| 500 | _aInclude index | ||
| 521 | _aBSBA | ||
| 650 | _aTeams in the workplace. | ||
| 650 | _aLeadership. | ||
| 700 | _aGriffith, Brian A. | ||
| 700 | _aGuthrie, James W. | ||
| 942 |
_cBK _2lcc _kFOR |
||
| 999 |
_c23685 _d23685 |
||